Camini di Venezia = (Record no. 527758)
[ view plain ]
| 000 -LEADER | |
|---|---|
| fixed length control field | 00566nam a2200217 a 4500 |
| 001 - CONTROL NUMBER | |
| control field | 1900122 |
| 003 - CONTROL NUMBER IDENTIFIER | |
| control field | AM-YEHGA |
| 005 - DATE AND TIME OF LATEST TRANSACTION | |
| control field | 20250617164657.0 |
| 008 - FIXED-LENGTH DATA ELEMENTS--GENERAL INFORMATION | |
| fixed length control field | 230427s2000 it a|||gr|||||||||0|ita|d |
| 020 ## - INTERNATIONAL STANDARD BOOK NUMBER | |
| International Standard Book Number | 8870808645 |
| 040 ## - CATALOGING SOURCE | |
| Original cataloging agency | AM-YeHGA |
| 041 0# - LANGUAGE CODE | |
| Language code of text/sound track or separate title | ita |
| 090 ## - LOCALLY ASSIGNED LC-TYPE CALL NUMBER (OCLC); LOCAL CALL NUMBER (RLIN) | |
| -- | 565876 |
| 100 1# - MAIN ENTRY--PERSONAL NAME | |
| Personal name | Giani, Gjlla |
| 245 10 - TITLE STATEMENT | |
| Title | Camini di Venezia = |
| Remainder of title | Chimneys in Venice / |
| Statement of responsibility, etc. | Gjlla Giani. |
| 246 31 - VARYING FORM OF TITLE | |
| Title proper/short title | Chimneys in Venice |
| 260 ## - PUBLICATION, DISTRIBUTION, ETC. | |
| Place of publication, distribution, etc. | Milano : |
| Name of publisher, distributor, etc. | Di Baio Editore, |
| Date of publication, distribution, etc. | 2000. |
| 300 ## - PHYSICAL DESCRIPTION | |
| Extent | 123 p. : |
| Other physical details | ill. |
| 650 14 - SUBJECT ADDED ENTRY--TOPICAL TERM | |
| Topical term or geographic name entry element | Architecture |
| Geographic subdivision | Italy (Venice) |
| 942 ## - ADDED ENTRY ELEMENTS (KOHA) | |
| Source of classification or shelving scheme | Universal Decimal Classification |
| Koha item type | Գրքեր / Books |
| Withdrawn status | Lost status | Source of classification or shelving scheme | Damaged status | Not for loan | Collection | Home library | Current library | Date acquired | Total checkouts | Full call number | Barcode | Date last seen | Price effective from | Koha item type | Public note |
|---|---|---|---|---|---|---|---|---|---|---|---|---|---|---|---|
| Universal Decimal Classification | Levon Zekiyan Individual Collection | Fundamental Scientific Library | Fundamental Scientific Library | 27/04/2023 | Zek/1787 | FL0672008 | 27/04/2023 | 27/04/2023 | Գրքեր / Books | ILL Non-Circ. |
ՀՀ Գիտությունների ազգային ակադեմիայի հիմնարար գիտական գրադարան = Fundamental Scientific Library of NAS RA
All site content, except where otherwise noted, is licensed under a